[Event "Valencia Region-ch Preferente"]
[Site "Valencia"]
[Date "2015.10.17"]
[Round "2.1"]
[White "Leon Colan, Carlos Edmundo"]
[Black "Hassomal Daswani, Birjkumar"]
[Result "0-1"]
[WhiteElo "1902"]
[BlackElo "2085"]
[PlyCount "51"]
[EventDate "2015.10.03"]
[EventType "swiss"]
[EventRounds "7"]
[EventCountry "ESP"]
[SourceTitle "EXT 2024"]
[Source "ChessBase"]
[SourceDate "2023.10.10"]
[SourceVersion "1"]
[SourceVersionDate "2023.10.10"]
[SourceQuality "1"]

1. d4 Nf6 2. Nf3 g6 3. g3 Bg7 4. Bg2 d5 5. a4 0-0 6. 0-0 Nbd7 7. b3 c6 8. Bb2 e5 9. dxe5 Ng4 10. Nbd2 Ngxe5 11. Rb1 Re8 12. Nxe5 Nxe5 13. c4 Bf5 14. e4 dxe4 15. Nxe4 Qc7 16. f3 Rad8 17. Qc2 Nd3 18. Bxg7 Kxg7 19. Kh1 Qe5 20. Rfd1 Nc5 21. f4 Qe7 22. Qb2+ f6 23. Rxd8 Rxd8 24. Nf2 Bxb1 25. Qxb1 Qe2 26. Kg1 0-1

[Event "Alzira op"]
[Site "Alzira"]
[Date "2014.08.26"]
[Round "7"]
[White "Leon Colan, Carlos Edmundo"]
[Black "Simon Piera, Raul"]
[Result "0-1"]
[WhiteElo "1933"]
[BlackElo "1932"]
[PlyCount "68"]
[EventDate "2014.08.22"]
[EventType "swiss"]
[EventRounds "9"]
[EventCountry "ESP"]
[SourceTitle "EXT 2016"]
[Source "ChessBase"]
[SourceDate "2015.10.08"]
[SourceVersion "1"]
[SourceVersionDate "2015.10.08"]
[SourceQuality "1"]

1. d4 d5 2. e3 Bf5 3. c4 c6 4. Nc3 e6 5. Nf3 Nd7 6. Bd2 Ngf6 7. c5 Ne4 8. b4 Be7 9. Be2 Bf6 10. Nxe4 dxe4 11. Ng1 a5 12. b5 0-0 13. bxc6 bxc6 14. f4 exf3 15. Bxf3 e5 16. Bxc6 exd4 17. Rc1 Rc8 18. Bxd7 Qxd7 19. Bxa5 Rfe8 20. Nf3 Qb5 21. Bb6 Rxe3+ 22. Kf2 Qb2+ 23. Kg1 Re2 24. Qf1 d3 25. h3 Be4 26. Rc4 Re8 27. Bc7 Qxa2 28. Rb4 Qd5 29. Bd6 Bxf3 30. Qxf3 Qxf3 31. gxf3 Re1+ 32. Kg2 Rxh1 33. Bf4 Rhe1 34. Rb3 d2 0-1

[Event "Cullera op-B 29th"]
[Site "Cullera"]
[Date "2012.08.29"]
[Round "6"]
[White "Leon Colan, Carlos Edmundo"]
[Black "Bas Mas, Miguel"]
[Result "1/2-1/2"]
[WhiteElo "2021"]
[BlackElo "1925"]
[PlyCount "53"]
[EventDate "2012.08.25"]
[EventType "swiss"]
[EventRounds "9"]
[EventCountry "ESP"]
[SourceTitle "CBM 150 Extra"]
[Source "ChessBase"]
[SourceDate "2012.10.19"]
[SourceVersion "1"]
[SourceVersionDate "2012.10.19"]
[SourceQuality "1"]

1. d4 Nf6 2. c4 g6 3. Nc3 d5 4. e3 Bg7 5. Nf3 0-0 6. a3 c6 7. c5 Nbd7 8. b4 Qc7 9. Bd2 e5 10. Be2 Ne4 11. h3 exd4 12. exd4 Nxd2 13. Qxd2 Nf6 14. 0-0 Nh5 15. Rfe1 Nf4 16. Bf1 Bh6 17. Qd1 Bd7 18. Ne5 Rae8 19. Ne2 f6 20. Nf3 Nxe2+ 21. Rxe2 Rxe2 22. Bxe2 Re8 23. Ra2 Qf4 24. Bd3 Qc1 25. Qxc1 Bxc1 26. Kf1 Bf4 27. a4 1/2-1/2

[Event "ESP-chT CECLUB GpA"]
[Site "Sabadell"]
[Date "2011.08.30"]
[Round "2"]
[White "Fluvia Poyatos, Jordi"]
[Black "Leon Colan, Carlos Edmundo"]
[Result "1-0"]
[WhiteElo "2469"]
[BlackElo "1981"]
[PlyCount "75"]
[EventDate "2011.08.29"]
[EventType "team-tourn"]
[EventRounds "5"]
[EventCountry "ESP"]
[SourceTitle "CBM 144 Extra"]
[Source "ChessBase"]
[SourceDate "2011.10.28"]
[SourceVersion "1"]
[SourceVersionDate "2011.10.28"]
[SourceQuality "1"]
[WhiteTeam "Unio Gracienca"]
[BlackTeam "Silla"]
[WhiteTeamCountry "ESP"]
[BlackTeamCountry "ESP"]

1. e4 c5 2. Nf3 Nc6 3. d4 cxd4 4. Nxd4 g6 5. c4 Bg7 6. Be3 Nf6 7. Nc3 0-0 8. Be2 b6 9. 0-0 Bb7 10. f3 d6 11. Qd2 Re8 12. Rfd1 Qc8 13. Rac1 Nxd4 14. Bxd4 Nh5 15. Be3 Bf8 16. Nd5 Qd7 17. g4 Ng7 18. f4 Rec8 19. b3 Ne8 20. h3 Bg7 21. Bf3 Rab8 22. a4 Bxd5 23. exd5 Nc7 24. Kh2 a5 25. g5 f5 26. h4 Na6 27. Bd4 Rf8 28. Bxg7 Kxg7 29. h5 Nc5 30. Rc3 Rf7 31. Kg2 Rg8 32. h6+ Kf8 33. Re3 Na6 34. c5 Nxc5 35. b4 Ne4 36. Qb2 e5 37. dxe6 Qxe6 38. bxa5 1-0

[Event "Mislata op-B 45th"]
[Site "Mislata"]
[Date "2011.08.21"]
[Round "9"]
[White "Leon Colan, Carlos Edmundo"]
[Black "Moreno Ibanez, Miguel"]
[Result "0-1"]
[WhiteElo "1981"]
[BlackElo "2022"]
[PlyCount "124"]
[EventDate "2011.08.15"]
[EventType "swiss"]
[EventRounds "9"]
[EventCountry "ESP"]
[SourceTitle "EXT 2014"]
[Source "ChessBase"]
[SourceDate "2013.11.20"]
[SourceVersion "1"]
[SourceVersionDate "2013.11.20"]
[SourceQuality "1"]

1. d4 Nf6 2. Nd2 g6 3. e4 d6 4. Bd3 Bg7 5. Ne2 0-0 6. 0-0 e5 7. d5 c6 8. c4 a5 9. a3 Nbd7 10. Rb1 Nc5 11. Bc2 a4 12. Nc3 Qa5 13. f3 h5 14. Rf2 cxd5 15. cxd5 h4 16. Na2 Nh5 17. Nb4 Nf4 18. Nc4 Qd8 19. Be3 Bh6 20. Qe1 Qf6 21. Kh1 Bg5 22. Qd2 Nd7 23. Qe1 Kg7 24. Rd1 Rh8 25. Nb6 Nxb6 26. Bxb6 Nh5 27. Nd3 Bd7 28. Ba5 Rxa5 29. Qxa5 Be3 30. Qe1 Ng3+ 31. Kg1 Bd4 32. Nb4 Bb6 33. Qd2 Qd8 34. Bd3 Qb8 35. f4 Qa7 36. fxe5 dxe5 37. d6 Bg4 38. Re1 Rd8 39. Nd5 Rxd6 40. Nxb6 Qxb6 41. Qg5 Rxd3 42. Qxg4 Nh1 43. Qxh4 Rd2 44. Kxh1 Rxf2 45. Qg3 Qxb2 46. h3 Rf4 47. Qe3 Qc2 48. Re2 Qc6 49. Kh2 Rf1 50. g3 Rc1 51. Qd2 Qc5 52. Rg2 Rc3 53. h4 Rxa3 54. Qg5 f6 55. Qg4 Kh6 56. h5 gxh5 57. Qf5 Qe7 58. g4 hxg4 59. Rxg4 Ra2+ 60. Kh3 Ra3+ 61. Kh4 Qf7 62. Rg1 Rb3 0-1

[Event "Mislata op-B"]
[Site "Mislata"]
[Date "2010.08.19"]
[Round "5"]
[White "Remolar Gallen, Jose"]
[Black "Leon Colan, Carlos Edmundo"]
[Result "0-1"]
[WhiteElo "1983"]
[BlackElo "1926"]
[PlyCount "72"]
[EventDate "2010.08.16"]
[EventType "swiss"]
[EventRounds "9"]
[EventCountry "ESP"]
[SourceTitle "EXT 2012"]
[Source "ChessBase"]
[SourceDate "2011.11.24"]
[SourceVersion "1"]
[SourceVersionDate "2011.11.24"]
[SourceQuality "1"]

1. d4 d5 2. e3 e6 3. Bd3 Bd6 4. f4 f5 5. Nf3 Nf6 6. 0-0 c5 7. c3 0-0 8. Ne5 Nbd7 9. b3 Qe7 10. Ba3 a6 11. Rf3 Ne4 12. Bxe4 dxe4 13. Rh3 cxd4 14. Bxd6 Qxd6 15. cxd4 b5 16. a4 Bb7 17. Na3 Nxe5 18. fxe5 Qd7 19. Rb1 Bd5 20. Qh5 g6 21. Qh6 Rab8 22. axb5 axb5 23. Nc2 b4 24. Rg3 Qg7 25. Qf4 Rfc8 26. Rb2 Rc3 27. h4 Rxb3 28. Rxb3 Bxb3 29. Nxb4 Rxb4 30. h5 Rb8 31. hxg6 hxg6 32. Qf1 Bd5 33. Qa6 Ra8 34. Qd6 g5 35. Qb6 g4 36. Qb2 Qa7 0-1